HANDBOOK ON QUALITY AND PRODUCTIVITY IMPROVEMENT OF CONCRETE / (Record no. 589780)

000 -LEADER
fixed length control field 00341nam a22001337a 4500
020 ## - INTERNATIONAL STANDARD BOOK NUMBER
Qualifying information PB.
040 ## - CATALOGING SOURCE
Transcribing agency FIZZA ISHAQ
082 ## - DEWEY DECIMAL CLASSIFICATION NUMBER
Classification number 620.136
Author Mark NVN
100 ## - MAIN ENTRY--PERSONAL NAME
Personal name NAYAK,V.N.
9 (RLIN) 91645
245 ## - TITLE STATEMENT
Title HANDBOOK ON QUALITY AND PRODUCTIVITY IMPROVEMENT OF CONCRETE /
Statement of responsibility, etc. N.V.NAYAK.
260 ## - PUBLICATION, DISTRIBUTION, ETC.
Place of publication, distribution, etc. NAROSA ;
Date of publication, distribution, etc. 2019.
300 ## - PHYSICAL DESCRIPTION
Extent 1227 P. ;
942 ## - ADDED ENTRY ELEMENTS (KOHA)
Source of classification or shelving scheme
Koha item type Book
Holdings
Withdrawn status Lost status Source of classification or shelving scheme Damaged status Not for loan Permanent Location Current Location Date acquired Total Checkouts Full call number Barcode Date last seen Price effective from Koha item type
          NUST Baluchistan Campus (NBC) NUST Baluchistan Campus (NBC) 05/18/2022   620.136 NVN Q-4153 05/18/2022 05/18/2022 Book
© 2023 Central Library, National University of Sciences and Technology. All Rights Reserved.